000 00781nam a22002057a 4500
999 _c906
_d906
003 AR-CdUCM
008 190225b ||||| |||| 00| 0 spa d
040 _aMUNICIPALIDAD PROVINCIAL DEL CUSCO
_cBIBLIOTECA MUNICIPAL DEL CUSCO
082 _a331.1 /
_bT33
100 _aTejada Ripalva, Luis
_93482
245 _aLa cuestión del pan :
_bEl anarcosindicalismo en el Perú 1880-1919 /
260 _aLima :
_bInstituto nacional de cultura;
_c1988.
300 _a403 paginas ;
_c21 cm.
505 _aEl pan de cada día -- Cultura y organización -- El obrero artesano -- Lima y los limeños -- Las luchas por el pan ...
650 _aRevoluciones (Obreros)
_93483
650 _aHistoria
_9136
650 _aCondiciones sociales
_91132
942 _2ddc
_cLIBROS
945 _arum
_d2019-02-25